000 00457nam a2200193Ia 4500
005 20240823042230.0
008 240823s9999||||xx |||||||||||||| ||und||
041 _aENGLISH
082 _A515.63 M5
100 _aShanti Narayan
245 2 _aA Text Book of Vector Calculus
250 _a4th
260 _c1985
_b"S Chand,New Delhi"
500 _aTRANSFERED
650 _aMATHS
_bMathematics
700 _a Kapur J N
942 _cBK
999 _c207384
_d207384